000 02632nam a2200481 i 4500
001 194897
003 SpMaBN
005 20250825062651.0
007 ta
008 230613s2023 sp a | ||||o000 0 spa
017 _aM 31105-2022 (v. 1)
_aM 17241-2023 (v. 2)
_bOficina Depósito Legal Madrid
020 _a9788490917145
_qobra completa edición impresa
020 _z978-84-9091-728-2
_qobra completa edición en línea
020 _a9788490917299
_qvolumen 1, edición impresa
020 _a9788490917664
_qvolumen 2, edición impresa
020 _z978-84-9091-730-1
_qvolumen 1, edición en línea
020 _z978-84-9091-765-7
_qvolumen 2, edición en línea
024 7 _aNIPO 083-22-319-8
_qvolumen 1, edición impresa
_2nipo
024 7 _aNIPO 083-23-136-3
_qvolumen 2 edición impresa
_2nipo
024 7 _zNIPO 083-22-320-0
_qvolumen 1 edición en línea
_2nipo
024 7 _zNIPO 083-23-137-9
_qvolumen 2 edición en línea
_2nipo
040 _aSpMaBN
_bspa
_cSpMaBN
_erda
_dES-MaACL
080 _a725.1(460.41):355
100 _aÁlvarez Prieto, José Félix,
_d1941-
_eaut
_9233774
245 1 0 _aArquitectura militar de las islas Canarias /
_cJosé Félix Álvarez Prieto
264 1 _aMadrid :
_bMinisterio de Defensa,
_c2023
300 _a2 volúmenes (356 ; 496 páginas) :
_bilustraciones (blanco y negro y color), planos (blanco y negro y color) ;
_c30 cm
336 _aTexto
_aImagen fija
_2rdacontent
337 _asin mediación
_2rdamedia
338 _avolumen
_2rdacarrier
504 _aReferencias bibliográficas
505 0 _aVol. 1. Lanzarote, Fuerteventura y Gran Canaria - v. 2. La Gomera, La Palma y Tenerife
520 _aArquitectura militar en las islas Canarias es un ambicioso estudio acerca de los castillos, fortalezas, baluartes y sistemas defensivos de este archipiélago. Estas construcciones han estado inevitablemente ligadas a la acción de los piratas y de los ataques navales de franceses, ingleses, holandeses, argelinos y turcos y, por tanto, son un testigo de la historia de las islas desde el siglo XV al XIX.
650 4 _aArquitectura militar-
_zCanarias
_9236518
655 7 _aLibros ilustrados
_2tgfbne
_9193653
710 1 _aEspaña.
_bMinisterio de Defensa
_eedt
_93853
852 _aES-MaACL
_cDEPOJ
_hDonación Ministerio de Defensa
_jN-9896
_pv. 1
_9202678
852 _aES-MaACL
_cDEPOJ
_hDonación Ministerio de Defensa
_jN-9897
_pv. 2
_9202679
942 _cMONOGRAFIA
_n0
999 _c194897
_d194897